[Event "Reykjavik Open 2008"]
[Site "Reykjavik"]
[Date "2008.03.03"]
[Round "2.34"]
[White "Johannesson, Ingvar Thor"]
[Black "Gueneau, Christophe"]
[Result "1-0"]
[WhiteElo "2338"]
[BlackElo "2126"]
[PlyCount "77"]
[EventDate "2008.03.03"]

1. d4 Nf6 2. c4 e6 3. Nf3 d5 4. g3 Bb4+ 5. Bd2 Bxd2+ 6. Nbxd2 Nc6 7. Bg2 O-O 8.
O-O Qe7 9. Rc1 Rd8 10. e3 Bd7 11. a3 a5 12. Ne5 Be8 13. f4 Rac8 14. g4 Nxe5 15.
fxe5 Nd7 16. c5 a4 17. Qf3 Nf8 18. Qg3 Ng6 19. g5 Bb5 20. Rf2 b6 21. h4 bxc5
22. Rxc5 Be8 23. Nf1 Rb8 24. Nh2 Rb3 25. Ng4 Rdb8 26. Rcc2 c5 27. Rxc5 Qb7 28.
Rcc2 Ne7 29. h5 Nf5 30. Rxf5 exf5 31. Nf6+ Kh8 32. h6 g6 33. Bxd5 Qb6 34. Bxb3
Qxb3 35. Rd2 Rc8 36. e6 Rc1+ 37. Kh2 Qxe6 38. Qe5 Bc6 39. Qb8+ 1-0

[Event "Reykjavik Open 2008"]
[Site "Reykjavik"]
[Date "2008.03.03"]
[Round "2.35"]
[White "Sanchez Castillo, Sarai"]
[Black "Thorgeirsson, Sverrir"]
[Result "1/2-1/2"]
[WhiteElo "2312"]
[BlackElo "2120"]
[PlyCount "79"]
[EventDate "2008.03.03"]

1. e4 c5 2. Nf3 e6 3. Nc3 a6 4. a4 d5 5. exd5 exd5 6. d4 c4 7. Qe2+ Be7 8. Bg5
Be6 9. Bxe7 Nxe7 10. Ng5 Bf5 11. g4 Bg6 12. Bg2 Nbc6 13. O-O-O O-O 14. f4 Nb4
15. Rd2 Nec6 16. Nf3 Re8 17. Qd1 f6 18. f5 Bf7 19. h4 b5 20. Re2 Rxe2 21. Qxe2
bxa4 22. g5 Qa5 23. gxf6 a3 24. bxa3 Qxa3+ 25. Kd2 Nxc2 26. Rb1 Re8 27. Ne5
Nxe5 28. dxe5 d4 29. Nd5 Qa2 30. Ne7+ Rxe7 31. Rb8+ Re8 32. Rxe8+ Bxe8 33. Bd5+
Bf7 34. Bxf7+ Kxf7 35. Qh5+ Kf8 36. fxg7+ Kxg7 37. Qg5+ Kf8 38. Qd8+ Kg7 39.
Qe7+ Kg8 40. Qe6+ 1/2-1/2

[Event "Reykjavik Open 2008"]
[Site "Reykjavik"]
[Date "2008.03.03"]
[Round "2.38"]
[White "Bjarnason, Oskar"]
[Black "Ingvason, Johann"]
[Result "0-1"]
[WhiteElo "2290"]
[BlackElo "2105"]
[PlyCount "92"]
[EventDate "2008.03.03"]

1. e4 e6 2. d4 d5 3. Nd2 b6 4. Ngf3 Nf6 5. e5 Nfd7 6. c4 Bb7 7. Bd3 Nc6 8. O-O
Nb4 9. Bb1 dxc4 10. Nxc4 Rc8 11. Ng5 Be7 12. Qg4 Nf8 13. Ne4 Ng6 14. Rd1 h5 15.
Qf3 Ba8 16. Qb3 Bd5 17. a3 Nc6 18. Qa4 Qd7 19. Nc3 Nh4 20. Nxd5 exd5 21. Ne3
Bg5 22. Nf5 Bd8 23. Nxg7+ Kf8 24. Bf5 Nxf5 25. Nxf5 Nxe5 26. Qc2 Ng6 27. h3 Bf6
28. Re1 c5 29. dxc5 Rxc5 30. Qb1 d4 31. Ng3 Kg7 32. Ne4 Re5 33. Bd2 Bh4 34. Qd3
Qf5 35. Re2 Bxf2+ 36. Nxf2 Qxd3 37. Nxd3 Rxe2 38. Rd1 Rhe8 39. Kf1 R2e6 40. b3
Rf6+ 41. Nf2 Nf4 42. Bc1 Ne2 43. Bb2 Re4 44. Rd2 Ng3+ 45. Kg1 Re1+ 46. Kh2 Nf1+
0-1

[Event "Reykjavik Open 2008"]
[Site "Reykjavik"]
[Date "2008.03.03"]
[Round "2.39"]
[White "Bjornsson, Sverrir Orn"]
[Black "Kjartansson, David"]
[Result "0-1"]
[WhiteElo "2116"]
[BlackElo "2288"]
[PlyCount "130"]
[EventDate "2008.03.03"]

1. d4 Nf6 2. c4 c5 3. d5 e6 4. Nc3 exd5 5. cxd5 d6 6. Nf3 g6 7. e4 Bg7 8. Nd2
O-O 9. Be2 Na6 10. O-O Nc7 11. Qc2 b6 12. a4 Rb8 13. Kh1 Re8 14. f3 Nh5 15. g4
Nf4 16. Nc4 Nxe2 17. Nxe2 Ba6 18. Rb1 Qe7 19. Ng3 Bxc4 20. Qxc4 b5 21. axb5
Rxb5 22. Bd2 Reb8 23. b3 Qf6 24. Ne2 Qh4 25. Bc3 Bxc3 26. Qxc3 Qe7 27. Nf4 a5
28. Qc2 Qf6 29. Ne2 Rb4 30. Kg2 Nb5 31. Ra1 Nd4 32. Nxd4 Qxd4 33. Rfd1 Qe5 34.
Rxa5 Rxb3 35. Ra8 Kg7 36. Rxb8 Rxb8 37. Rd2 g5 38. Qd3 Rb4 39. Rc2 h6 40. Qa6
Rb1 41. Qd3 Ra1 42. Rf2 Ra4 43. Rc2 Rb4 44. h3 Qa1 45. Qc3+ Qxc3 46. Rxc3 Kf6
47. Ra3 Rb7 48. Ra6 Ke5 49. Rc6 Rd7 50. Kf2 Kd4 51. Ke2 c4 52. Kd2 Ra7 53. Rxd6
c3+ 54. Kc2 Ra2+ 55. Kb1 c2+ 56. Kxa2 c1=Q 57. Rf6 Qc7 58. Rxh6 Qc2+ 59. Ka3
Qc3+ 60. Ka2 Qxf3 61. d6 Qe2+ 62. Ka3 Qd3+ 63. Kb4 Qb1+ 64. Ka5 Qb7 65. Rh5 f6
0-1

[Event "Reykjavik Open 2008"]
[Site "Reykjavik"]
[Date "2008.03.03"]
[Round "2.41"]
[White "Ragnarsson, Johann"]
[Black "Genzling, Alain"]
[Result "1/2-1/2"]
[WhiteElo "2085"]
[BlackElo "2264"]
[PlyCount "84"]
[EventDate "2008.03.03"]

1. d4 Nf6 2. c4 g6 3. Nc3 d5 4. Bf4 Bg7 5. e3 c5 6. dxc5 Qa5 7. Rc1 dxc4 8.
Bxc4 O-O 9. Nf3 Qxc5 10. Bb3 Qa5 11. O-O Nc6 12. h3 Bf5 13. Qe2 Ne4 14. Nd5 e5
15. Rxc6 bxc6 16. Ne7+ Kh8 17. Nxc6 Qc5 18. Ncxe5 Qe7 19. Qc4 Nd6 20. Qb4 a5
21. Nxf7+ Rxf7 22. Qxd6 Qxd6 23. Bxd6 Rf6 24. Be7 Rb6 25. e4 Bxe4 26. Ng5 Rxb3
27. axb3 Bd5 28. Ba3 h6 29. Nf3 Bxb3 30. Rc1 Ra7 31. Rc5 a4 32. Nd2 Bg8 33. Ne4
Re7 34. f3 Rd7 35. Ra5 Rd1+ 36. Kh2 Bd5 37. Rxa4 Be5+ 38. g3 Bd4 39. Ra5 Bxe4
40. fxe4 Rd2+ 41. Kh1 Bxb2 42. Bxb2+ Rxb2 1/2-1/2

[Event "Reykjavik Open 2008"]
[Site "Reykjavik"]
[Date "2008.03.03"]
[Round "2.42"]
[White "Gretarsson, Hjorvar Steinn"]
[Black "Magnusson, Bjarni"]
[Result "1-0"]
[WhiteElo "2247"]
[BlackElo "1913"]
[PlyCount "103"]
[EventDate "2008.03.03"]

1. e4 d6 2. d4 Nf6 3. f3 c6 4. c4 g6 5. Nc3 Bg7 6. Be3 O-O 7. Qd2 a6 8. Nge2 b5
9. Ng3 b4 10. Nd1 a5 11. Be2 Nbd7 12. O-O e5 13. Nf2 Bb7 14. Rad1 d5 15. dxe5
Nxe5 16. Qc1 Qc8 17. b3 dxc4 18. Bc5 Re8 19. f4 Nd3 20. Nxd3 cxd3 21. Bxd3 Ba6
22. Bxa6 Qxa6 23. Qc2 Rad8 24. h3 Qc8 25. Rxd8 Qxd8 26. Rd1 Qb8 27. Bd6 Qb6+
28. Kh2 Bf8 29. Bxf8 Kxf8 30. Rd6 Re6 31. Rxe6 fxe6 32. Qc4 Ke7 33. f5 exf5 34.
exf5 c5 35. Qc2 Kf7 36. Qc4+ Kg7 37. Qf4 Qd8 38. Qe5 Qe8 39. Qxc5 Kh6 40. Qc1+
Kg7 41. Qc7+ Kh6 42. Qd6 Kg7 43. Qf4 Qe1 44. Qc7+ Kh6 45. fxg6 hxg6 46. Qxa5
Ne4 47. Qe5 Qxg3+ 48. Qxg3 Nxg3 49. Kxg3 g5 50. h4 Kh5 51. hxg5 Kxg5 52. Kf3
1-0

[Event "Reykjavik Open 2008"]
[Site "Reykjavik"]
[Date "2008.03.03"]
[Round "2.43"]
[White "Vigfusson, Vigfus"]
[Black "Grover, Sahaj"]
[Result "0-1"]
[WhiteElo "2052"]
[BlackElo "2242"]
[PlyCount "42"]
[EventDate "2008.03.03"]

1. e4 e5 2. Nf3 Nc6 3. d4 exd4 4. Nxd4 Qf6 5. Nb3 Qg6 6. Qe2 Nf6 7. N1d2 Nb4 8.
Kd1 Be7 9. g3 d5 10. f3 dxe4 11. Nxe4 Nxe4 12. Qxe4 Bf5 13. Qxb7 Rd8+ 14. Bd2
Bxc2+ 15. Ke1 Nd3+ 16. Bxd3 Bxd3 17. Kf2 Bc4 18. Rhd1 Bd5 19. Qxc7 Qh5 20. g4
Qh3 21. Qg3 Bh4 0-1

[Event "Reykjavik Open 2008"]
[Site "Reykjavik"]
[Date "2008.03.03"]
[Round "2.44"]
[White "Hagesaether, Ellen"]
[Black "Kristinardottir, Elsa Maria"]
[Result "1-0"]
[WhiteElo "2234"]
[BlackElo "1721"]
[PlyCount "67"]
[EventDate "2008.03.03"]

1. e4 e5 2. Nf3 Nc6 3. Bb5 g6 4. O-O Bg7 5. c3 a6 6. Ba4 d6 7. d4 Bd7 8. d5 Nb8
9. Bxd7+ Nxd7 10. Be3 Ngf6 11. Nfd2 h6 12. c4 O-O 13. f3 Nh5 14. Nc3 f5 15. b4
f4 16. Bf2 Bf6 17. Qe1 Kh7 18. c5 Rg8 19. Nc4 Qe7 20. c6 b5 21. Nd2 Nb6 22. a4
Nxa4 23. Nxa4 bxa4 24. Rxa4 g5 25. Qe2 Rgb8 26. Rb1 a5 27. Rxa5 Rxa5 28. bxa5
Qd8 29. Rxb8 Qxb8 30. a6 Qb2 31. a7 Qc1+ 32. Nf1 Qa1 33. Qe1 Qa4 34. Qb1 1-0

[Event "Reykjavik Open 2008"]
[Site "Reykjavik"]
[Date "2008.03.03"]
[Round "2.45"]
[White "Frank-Nielsen, Marie"]
[Black "Bjarnason, Saevar"]
[Result "0-1"]
[WhiteElo "1969"]
[BlackElo "2226"]
[PlyCount "50"]
[EventDate "2008.03.03"]

1. e4 c5 2. c3 d5 3. exd5 Nf6 4. Bb5+ Nbd7 5. d4 a6 6. Bxd7+ Qxd7 7. dxc5 Nxd5
8. Ne2 e5 9. O-O Bxc5 10. Nd2 O-O 11. Ne4 Ba7 12. Qb3 b5 13. Bg5 Bb7 14. h3 Kh8
15. Nd2 f6 16. Bh4 Nf4 17. Nxf4 Qxd2 18. Nh5 Qh6 19. g4 g6 20. Bxf6+ Rxf6 21.
Nxf6 Qxh3 22. Nd5 Qg3+ 23. Kh1 Qf3+ 24. Kg1 Bxd5 25. Rad1 Qg3# 0-1

[Event "Reykjavik Open 2008"]
[Site "Reykjavik"]
[Date "2008.03.06"]
[Round "4"]
[White "Galego, Luis"]
[Black "Tania, Sachdev"]
[Result "1-0"]
[WhiteElo "2529"]
[BlackElo "2417"]
[PlyCount "75"]
[EventDate "2008.03.03"]

1. e4 e5 2. Nf3 Nc6 3. Nc3 Nf6 4. g3 Bc5 5. Bg2 d6 6. O-O Be6 7. d3 a6 8. Be3
Qd7 9. d4 exd4 10. Nxd4 Bg4 11. f3 Bh3 12. Qd2 Nxd4 13. Bxd4 Bxd4+ 14. Qxd4
Bxg2 15. Kxg2 O-O 16. Rad1 Qc6 17. Rd2 Rfe8 18. Kg1 Re7 19. Nd1 Rae8 20. c4 a5
21. Nc3 Qd7 22. b3 b6 23. g4 Qc8 24. Rg2 h6 25. h4 Re6 26. g5 hxg5 27. hxg5 Nd7
28. Nd5 Nf8 29. Qd2 c6 30. Nf4 Re5 31. Qxd6 Qd8 32. Rd1 Qxd6 33. Rxd6 Rc8 34.
Kf2 b5 35. Ke3 Re7 36. Rgd2 Re5 37. g6 f5 38. R6d4 1-0

[Event "Reykjavik Open 2008"]
[Site "Reykjavik"]
[Date "2008.03.06"]
[Round "4"]
[White "Grandelius, Nils"]
[Black "Kristjansson, Stefan"]
[Result "0-1"]
[WhiteElo "2371"]
[BlackElo "2476"]
[PlyCount "80"]
[EventDate "2008.03.03"]

1. d4 Nf6 2. c4 e6 3. Nf3 c5 4. d5 b5 5. Bg5 exd5 6. cxd5 h6 7. Bh4 g5 8. Bg3
Bg7 9. a4 b4 10. Nbd2 O-O 11. Nc4 Bb7 12. d6 Nc6 13. e3 Na5 14. Nxa5 Qxa5 15.
Bc4 b3+ 16. Qd2 Qxd2+ 17. Nxd2 Bxg2 18. Rg1 Bd5 19. Rc1 Bc6 20. Be5 Rae8 21.
Bc3 Ne4 22. Bxg7 Kxg7 23. h4 f6 24. Bxb3 Rb8 25. Bc2 Nxd6 26. f4 Rxb2 27. hxg5
fxg5 28. fxg5 h5 29. Bd3 Nf5 30. Rxc5 Nxe3 31. g6 Nd5 32. Bc2 Re8+ 33. Kd1 Ne3+
34. Kc1 Rxc2+ 35. Rxc2 Nxc2 36. Kxc2 h4 37. Nf1 Re1 38. Kd2 Ra1 39. Ke3 h3 40.
Kf2 Rxf1+ 0-1

[Event "Reykjavik Open 2008"]
[Site "Reykjavik"]
[Date "2008.03.06"]
[Round "4.11"]
[White "Meier, Georg"]
[Black "Arakhamia-Grant, Ketevan"]
[Result "1/2-1/2"]
[WhiteElo "2570"]
[BlackElo "2457"]
[PlyCount "35"]
[EventDate "2008.03.03"]

1. Nf3 Nf6 2. d4 g6 3. g3 Bg7 4. Bg2 O-O 5. O-O d5 6. Nbd2 c6 7. c4 a5 8. e3
Bf5 9. Qe2 Qc8 10. b3 Bh3 11. Ba3 Bxg2 12. Kxg2 Re8 13. cxd5 cxd5 14. Rac1 Nc6
15. Ne5 Nd7 16. f4 Ndxe5 17. fxe5 f6 18. Qb5 1/2-1/2

[Event "Reykjavik Open 2008"]
[Site "Reykjavik"]
[Date "2008.03.06"]
[Round "4.16"]
[White "Jankovic, Alojzije"]
[Black "Gunnarsson, Jon Viktor"]
[Result "0-1"]
[WhiteElo "2541"]
[BlackElo "2429"]
[PlyCount "114"]
[EventDate "2008.03.03"]

1. d4 Nf6 2. Nf3 g6 3. c4 c5 4. Nc3 cxd4 5. Nxd4 Bg7 6. e4 Nc6 7. Be3 O-O 8.
Be2 d6 9. O-O Nxd4 10. Bxd4 Bd7 11. f3 a5 12. Qd2 Bc6 13. Rab1 Nd7 14. Be3 Nc5
15. b3 Qb6 16. Rfc1 Rfc8 17. Rc2 Qd8 18. Bf1 Be5 19. a3 e6 20. b4 axb4 21. axb4
Na4 22. Nxa4 Rxa4 23. b5 Be8 24. Rd1 Bf6 25. Qf2 Qc7 26. Bb6 Qb8 27. f4 Be7 28.
f5 Qa8 29. f6 Bf8 30. h3 Ra3 31. Rcd2 Ra1 32. Rxa1 Qxa1 33. Ra2 Qb1 34. Qe2 d5
35. exd5 exd5 36. cxd5 Rc1 37. Ra8 Re1 38. Qxe8 Rxe8 39. Rxe8 Qb4 40. Be3 h5
41. Bh6 Qd4+ 42. Kh2 Kh7 43. Bxf8 Qf4+ 44. Kg1 Qd4+ 45. Kh1 Qd1 46. Kh2 Qxf1
47. Bd6 Qxb5 48. Re5 Qc4 49. Bb8 b5 50. Kg3 Qd3+ 51. Kh2 Qd4 52. Bd6 Qf4+ 53.
Kg1 Qd4+ 54. Kh1 h4 55. Kh2 Qf4+ 56. Kg1 g5 57. Bc7 Qc1+ 0-1

[Event "Reykjavik"]
[Site "Reykjavik"]
[Date "2008.03.06"]
[Round "4.19"]
[White "Nemcova, Katerina"]
[Black "Carlsson, Pontus"]
[Result "0-1"]
[WhiteElo "2342"]
[BlackElo "2501"]
[PlyCount "40"]
[EventDate "2008.03.03"]

1. e4 c5 2. Nf3 d6 3. d4 cxd4 4. Nxd4 Nf6 5. Nc3 a6 6. Be3 e5 7. Nb3 Be7 8. f3
Be6 9. Qe2 Nbd7 10. O-O-O Rc8 11. Kb1 Rxc3 12. bxc3 d5 13. Qd3 b5 14. Be2 dxe4
15. Qd2 Qc7 16. Kb2 Nd5 17. fxe4 Nxc3 18. Bd3 O-O 19. Rdf1 Rc8 20. Rf3 Qd6 0-1

[Event "Reykjavik Open 2008"]
[Site "Reykjavik"]
[Date "2008.03.06"]
[Round "4.20"]
[White "Kristjansson, Atli Freyr"]
[Black "Nataf, Igor-Alexandre"]
[Result "0-1"]
[WhiteElo "2019"]
[BlackElo "2552"]
[PlyCount "98"]
[EventDate "2008.03.03"]

1. d4 Nf6 2. c4 g6 3. Nc3 Bg7 4. e4 d6 5. f4 c5 6. dxc5 Qa5 7. Bd2 Qxc5 8. Bd3
O-O 9. Nf3 Nc6 10. Qe2 Bg4 11. Be3 Qh5 12. O-O Nd7 13. Rac1 Nc5 14. Bb1 Bxf3
15. Qxf3 Qxf3 16. Rxf3 Bd4 17. b3 Kg7 18. Nd5 e6 19. Nc3 a6 20. Kf2 Rac8 21.
Ne2 Bxe3+ 22. Kxe3 Rfe8 23. Rd1 Rcd8 24. Nc3 Kf6 25. Rf2 Ke7 26. Rb2 g5 27. g3
gxf4+ 28. gxf4 Rg8 29. Kf3 Rg7 30. b4 Nd7 31. a3 Rdg8 32. Rbd2 Nde5+ 33. fxe5
Nxe5+ 34. Ke3 Nxc4+ 35. Kf3 Nxd2+ 36. Rxd2 Rg1 37. Bd3 R8g5 38. Rc2 Rh5 39. Ne2
Ra1 40. Nf4 Rh6 41. Kg4 Rg1+ 42. Kf3 Kf6 43. Rc7 Ra1 44. Rxb7 Rxa3 45. Kg3 e5
46. Kg4 exf4 47. Bc4 Rxh2 48. Rxf7+ Kg6 49. Rd7 h5+ 0-1

[Event "Reykjavik Open 2008"]
[Site "Reykjavik"]
[Date "2008.03.06"]
[Round "4.21"]
[White "Kjartansson, Gudmundur"]
[Black "Bojkov, Dejan"]
[Result "0-1"]
[WhiteElo "2307"]
[BlackElo "2523"]
[PlyCount "58"]
[EventDate "2008.03.03"]

1. d4 Nf6 2. c4 g6 3. Nc3 Bg7 4. e4 d6 5. h3 Na6 6. Bg5 h6 7. Be3 c6 8. Nf3 Qa5
9. Qd2 e5 10. a3 exd4 11. Bxd4 O-O 12. Bd3 Nc5 13. Bc2 Qa6 14. O-O Qxc4 15. Qd1
Qe6 16. b4 Ncd7 17. Bb3 Qe7 18. Qd2 Ne5 19. Nxe5 dxe5 20. Bc5 Rd8 21. Qe3 Qe8
22. Bxa7 Be6 23. Bc2 Nd7 24. b5 Bf6 25. f3 Rdc8 26. Ba4 b6 27. Bxb6 Bg5 28. Qf2
c5 29. Bxc5 Rxc5 0-1

[Event "Reykjavik Open 2008"]
[Site "Reykjavik"]
[Date "2008.03.06"]
[Round "4.22"]
[White "Moradiabadi, Elshan"]
[Black "Zozulia, Anna"]
[Result "1-0"]
[WhiteElo "2506"]
[BlackElo "2344"]
[PlyCount "63"]
[EventDate "2008.03.03"]

1. d4 Nf6 2. Nf3 g6 3. c4 Bg7 4. g3 O-O 5. Bg2 d6 6. O-O Nc6 7. h3 a6 8. Be3
Rb8 9. Qc1 Nd7 10. Rd1 e6 11. Bh6 Ne7 12. a4 Bxh6 13. Qxh6 Nf5 14. Qf4 Qe7 15.
Nc3 e5 16. dxe5 dxe5 17. Qd2 c6 18. Ne4 Nf6 19. Nxf6+ Qxf6 20. Qc3 Re8 21. c5
Qe7 22. e4 Ng7 23. Rd6 f6 24. Rad1 Be6 25. Qb4 Red8 26. Bf1 Rxd6 27. Rxd6 Qc7
28. Bc4 Re8 29. Bxe6+ Nxe6 30. h4 Qe7 31. Qc4 Kf8 32. Qb3 1-0

[Event "Reykjavik Open 2008"]
[Site "Reykjavik"]
[Date "2008.03.06"]
[Round "4.24"]
[White "Nyzhnyk, Illya"]
[Black "Grover, Sahaj"]
[Result "1/2-1/2"]
[WhiteElo "2405"]
[BlackElo "2242"]
[PlyCount "132"]
[EventDate "2008.03.03"]

1. d4 Nf6 2. c4 e6 3. Nf3 b6 4. g3 Ba6 5. Qa4 Bb7 6. Bg2 c5 7. O-O cxd4 8. Nxd4
Qc8 9. Nc3 Bxg2 10. Kxg2 Qb7+ 11. f3 Be7 12. e4 O-O 13. Be3 Nc6 14. Rfd1 Rfd8
15. Rac1 Ne5 16. Qb5 d6 17. Nde2 Rac8 18. b3 g5 19. h3 h6 20. a4 Nc6 21. b4 Qa8
22. a5 bxa5 23. bxa5 Rb8 24. Qa4 Rb4 25. Qa2 Ne5 26. Bd4 Nxc4 27. Qa1 e5 28.
Bf2 d5 29. exd5 Nxd5 30. Nxd5 Rxd5 31. Rxd5 Qxd5 32. Nc3 Qxa5 33. Qxa5 Nxa5 34.
Nd5 Rb7 35. Rc8+ Kg7 36. Ne3 Kf6 37. g4 Bb4 38. Nf5 h5 39. Bc5 hxg4 40. hxg4
Ke6 41. Re8+ Kd5 42. Bxb4 Rxb4 43. Ne3+ Kd6 44. Nf5+ Kc6 45. Rxe5 Nc4 46. Re7
Rb7 47. Re4 Nd6 48. Ne7+ Kc5 49. Re5+ Kc4 50. Nc6 Rc7 51. Nxa7 Rxa7 52. Rxg5
Kd4 53. Kg3 Re7 54. Kf4 Nc4 55. Rf5 Ne3 56. Rh5 Nd5+ 57. Kg5 Re6 58. f4 Rg6+
59. Kh4 f6 60. f5 Rg8 61. g5 Nf4 62. gxf6 Nxh5 63. Kxh5 Ke5 64. f7 Rf8 65. Kg6
Rxf7 66. Kxf7 Kxf5 1/2-1/2

[Event "Reykjavik Open 2008"]
[Site "Reykjavik"]
[Date "2008.03.06"]
[Round "4.25"]
[White "Bjornsson, Sigurbjorn"]
[Black "Thorfinnsson, Bjorn"]
[Result "1-0"]
[WhiteElo "2286"]
[BlackElo "2364"]
[PlyCount "93"]
[EventDate "2008.03.03"]

1. e4 e5 2. Nf3 Nc6 3. Bb5 Nge7 4. c3 d6 5. d4 Bd7 6. O-O Ng6 7. d5 Nb8 8. c4
Be7 9. Nc3 h6 10. Ne1 Bg5 11. Nd3 O-O 12. c5 c6 13. Bc4 dxc5 14. Nxc5 Bc8 15.
Qh5 Qd6 16. Ne6 Bxc1 17. Raxc1 fxe6 18. Qxg6 Rf6 19. Qg3 Kh7 20. Rfd1 Qc7 21.
Bb3 Rg6 22. Qh4 Rg5 23. dxe6 Qe7 24. Kh1 Na6 25. f4 exf4 26. e5 Nc5 27. Bc2+
Kg8 28. Rd6 f3 29. Rcd1 fxg2+ 30. Kg1 Bxe6 31. b4 Bf7 32. bxc5 Qxe5 33. Qd4
Qxd4+ 34. R1xd4 Re8 35. Ne4 Rge5 36. Rd8 Kf8 37. Rxe8+ Kxe8 38. Nd6+ Ke7 39.
Nxf7 Kxf7 40. Bb3+ Ke7 41. Rb4 Rxc5 42. Rxb7+ Kd6 43. Rxg7 Rc1+ 44. Kxg2 c5 45.
Rg6+ Ke5 46. Rxh6 c4 47. Rc6 1-0

[Event "Reykjavik Open 2008"]
[Site "Reykjavik"]
[Date "2008.03.06"]
[Round "4.28"]
[White "Kristinsson, Bjarni Jens"]
[Black "Lagerman, Robert"]
[Result "0-1"]
[WhiteElo "1822"]
[BlackElo "2348"]
[PlyCount "100"]
[EventDate "2008.03.03"]

1. e4 e5 2. Nf3 Nc6 3. d4 exd4 4. Nxd4 Nf6 5. Nxc6 bxc6 6. e5 Qe7 7. Qe2 Nd5 8.
c4 Nb6 9. b3 Qe6 10. Nd2 Bb4 11. Bb2 a5 12. g3 a4 13. Bg2 O-O 14. O-O a3 15.
Bd4 c5 16. Bxa8 Nxa8 17. Be3 Qxe5 18. Nf3 Qh5 19. Nd4 Qh3 20. Nc2 Bb7 21. f3
Bc3 22. Rad1 d6 23. Nxa3 Re8 24. Qf2 Qe6 25. Nc2 Qg6 26. Qe2 f5 27. Qd3 Be5 28.
Bf2 Qh5 29. Be1 Re6 30. Rd2 Nb6 31. Re2 f4 32. a4 Nd7 33. b4 fxg3 34. Bxg3 Bxg3
35. hxg3 Ne5 36. Rxe5 Qxe5 37. Kf2 Qh5 38. Rg1 Bxf3 39. Qxf3 Rf6 40. Qxf6 gxf6
41. Ne3 cxb4 42. g4 Qh2+ 43. Rg2 Qf4+ 44. Ke2 Qe4 45. Kd2 Qd4+ 46. Ke2 Qe4 47.
Kd2 b3 48. Re2 b2 49. Nd5 Qxc4 50. Nxf6+ Kf7 0-1

[Event "Reykjavik Open 2008"]
[Site "Reykjavik"]
[Date "2008.03.06"]
[Round "4.29"]
[White "Ragnarsson, Johann"]
[Black "Popovic, Milos T"]
[Result "0-1"]
[WhiteElo "2085"]
[BlackElo "2405"]
[PlyCount "90"]
[EventDate "2008.03.03"]

1. d4 d5 2. c4 Bf5 3. Nc3 e6 4. Nf3 c6 5. Qb3 Qb6 6. c5 Qc7 7. Bf4 Qc8 8. Nh4
Nf6 9. Nxf5 exf5 10. Bxb8 Rxb8 11. Qc2 g6 12. e3 Bh6 13. g3 O-O 14. Be2 Qe6 15.
Qd3 b6 16. b4 a5 17. a3 bxc5 18. bxc5 f4 19. O-O fxe3 20. f3 Rb2 21. Ra2 Rfb8
22. Rb1 Rxb1+ 23. Nxb1 Nd7 24. Nc3 Bg7 25. Ra1 Rb3 26. Qc2 Nxc5 27. Rd1 Rxa3
28. Nb1 Ra1 29. Qxc5 Qf5 30. Nc3 Rxd1+ 31. Nxd1 Qe6 32. Nc3 Qf6 33. Kf1 Qxd4
34. Qxd4 Bxd4 35. Na4 Kf8 36. Bd1 Ke7 37. Ke2 Ke6 38. Kd3 Ba7 39. Nc3 c5 40.
Nb5 c4+ 41. Kc3 Bb6 42. Nd4+ Bxd4+ 43. Kxd4 a4 44. Kc3 a3 45. Be2 Kd6 0-1

[Event "Reykjavik Open 2008"]
[Site "Reykjavik"]
[Date "2008.03.06"]
[Round "4.31"]
[White "Sigurjonsson, Stefan Th"]
[Black "Thomassen, Joachim"]
[Result "0-1"]
[WhiteElo "2136"]
[BlackElo "2308"]
[PlyCount "60"]
[EventDate "2008.03.03"]

1. e4 c5 2. Nf3 d6 3. d4 cxd4 4. Nxd4 Nf6 5. Nc3 a6 6. Bg5 e6 7. Be2 Be7 8. Qd2
b5 9. a3 Bb7 10. f3 Nc6 11. Nxc6 Bxc6 12. O-O Qb6+ 13. Kh1 Rd8 14. Qe3 Qb7 15.
Rad1 h6 16. Bf4 Nh5 17. e5 Nxf4 18. Qxf4 dxe5 19. Qxe5 O-O 20. Ne4 Bd5 21. c3
Qc6 22. Bd3 Bb3 23. Rd2 Rd5 24. Qg3 Rfd8 25. Nf2 f5 26. f4 Bc5 27. h3 Qb6 28.
Kg1 Be3 29. Bc2 Rxd2 30. Bxb3 Rxb2 0-1

[Event "Reykjavik Open 2008"]
[Site "Reykjavik"]
[Date "2008.03.06"]
[Round "4.32"]
[White "Finnlaugsson, Gunnar"]
[Black "Kjartansson, David"]
[Result "0-1"]
[WhiteElo "2128"]
[BlackElo "2288"]
[PlyCount "116"]
[EventDate "2008.03.03"]

1. e4 c5 2. Nf3 d6 3. d4 cxd4 4. Qxd4 a6 5. c4 Nc6 6. Qd2 Nf6 7. Nc3 g6 8. b3
Bg7 9. Bb2 O-O 10. h3 Rb8 11. Bd3 Nd7 12. Rd1 Nde5 13. Nxe5 Nxe5 14. Bb1 b5 15.
c5 b4 16. Nd5 Be6 17. cxd6 Bxd5 18. exd5 Qxd6 19. O-O Rbc8 20. Rfe1 Nd7 21.
Bxg7 Kxg7 22. Re4 a5 23. Rh4 Rh8 24. Qh6+ Kg8 25. Rhd4 Rc5 26. Be4 f5 27. Bf3
Ne5 28. Qf4 Nf7 29. Qe3 Kg7 30. Re1 Re8 31. Rd2 Kf8 32. g3 Rec8 33. Qd4 Rc1 34.
Rde2 e5 35. Qd2 Rxe1+ 36. Rxe1 Rc3 37. Be2 e4 38. Kg2 Qc5 39. Bc4 Nd6 40. Re2
Kg7 41. Qf4 Nf7 42. Qd2 Qd6 43. a3 Qe5 44. axb4 axb4 45. Qa2 f4 46. gxf4 Qxf4
47. Re3 Rxe3 48. fxe3 Qf3+ 49. Kh2 Qxe3 50. Qa5 Qd2+ 51. Kh1 Qe1+ 52. Kg2 e3
53. Qc5 Qf2+ 54. Kh1 Qf3+ 55. Kh2 Qf4+ 56. Kg2 Nd6 57. Qb5 Qf2+ 58. Kh1 Nf5 0-1

[Event "Reykjavik Open 2008"]
[Site "Reykjavik"]
[Date "2008.03.06"]
[Round "4.33"]
[White "Gueneau, Christophe"]
[Black "Genzling, Alain"]
[Result "0-1"]
[WhiteElo "2126"]
[BlackElo "2264"]
[PlyCount "42"]
[EventDate "2008.03.03"]

1. c4 Nf6 2. Nc3 d5 3. cxd5 Nxd5 4. g3 g6 5. Bg2 Nb6 6. d3 Bg7 7. Be3 Nc6 8.
Nf3 h6 9. Qc1 Be6 10. O-O f5 11. Rd1 Qd7 12. d4 Nd5 13. Nxd5 Bxd5 14. Qc5 Qd6
15. Rac1 Qxc5 16. Rxc5 e6 17. Nh4 Bxg2 18. Kxg2 g5 19. d5 O-O-O 20. Ng6 Rhe8
21. Rd2 exd5 0-1

[Event "Reykjavik Open 2008"]
[Site "Reykjavik"]
[Date "2008.03.06"]
[Round "4.34"]
[White "Steil-Antoni, Fiona"]
[Black "Gretarsson, Hjorvar Steinn"]
[Result "0-1"]
[WhiteElo "2122"]
[BlackElo "2247"]
[PlyCount "84"]
[EventDate "2008.03.03"]

1. e4 c5 2. Nc3 Nc6 3. g3 g6 4. Bg2 Bg7 5. d3 d6 6. Be3 e6 7. Qd2 Rb8 8. Nf3
Nge7 9. O-O Nd4 10. Nh4 O-O 11. Nd1 b6 12. c3 Ndc6 13. Bh6 d5 14. Bxg7 Kxg7 15.
Qc2 dxe4 16. dxe4 Ba6 17. Re1 Qd3 18. Qxd3 Bxd3 19. f4 e5 20. Nf2 Rbd8 21. Nxd3
Rxd3 22. Rad1 Rfd8 23. Rxd3 Rxd3 24. Kf2 exf4 25. gxf4 f6 26. Ke2 Rd8 27. Bf3
g5 28. Ng2 Ng6 29. Ke3 gxf4+ 30. Nxf4 Nxf4 31. Kxf4 Ne5 32. Rg1+ Kh6 33. Rg2
Rd3 34. Rg3 Rd2 35. Kf5 Rf2 36. Kxf6 Nxf3 37. Rh3+ Nh4+ 38. Ke5 Kh5 39. b3 Rxa2
40. Kf4 Rf2+ 41. Ke3 Rb2 42. e5 Kg4 0-1

[Event "Reykjavik Open 2008"]
[Site "Reykjavik"]
[Date "2008.03.06"]
[Round "4.36"]
[White "Brynjarsson, Helgi"]
[Black "Bjarnason, Saevar"]
[Result "0-1"]
[WhiteElo "1914"]
[BlackElo "2226"]
[PlyCount "88"]
[EventDate "2008.03.03"]

1. e4 c5 2. Nc3 Nc6 3. f4 d6 4. Nf3 Nf6 5. d3 g6 6. h3 Bg7 7. Ne2 Bd7 8. c3 c4
9. Be3 Rc8 10. g4 cxd3 11. Qxd3 Na5 12. Bd4 O-O 13. Bg2 Nc4 14. b3 Na5 15. O-O
Nc6 16. Rac1 Nxd4 17. Nexd4 Qa5 18. c4 e5 19. Ne2 Qc5+ 20. Kh1 Bc6 21. Nd2 exf4
22. Nxf4 Nd7 23. Nd5 Bxd5 24. exd5 Qa3 25. Rc2 Ne5 26. Qg3 b5 27. Rfc1 bxc4 28.
Nxc4 Nxc4 29. Rxc4 Qxc1+ 30. Rxc1 Rxc1+ 31. Bf1 Rxf1+ 32. Kg2 Rf6 33. Qe3 a5
34. Qa7 Re8 35. Qxa5 Rf4 36. Qb5 Rfe4 37. a4 Re2+ 38. Kf1 Re1+ 39. Kg2 R8e2+
40. Kf3 Re3+ 41. Kf2 Bf6 42. b4 Bh4+ 43. Kg2 R1e2+ 44. Kg1 Rf2 0-1

[Event "Reykjavik Open 2008"]
[Site "Reykjavik"]
[Date "2008.03.06"]
[Round "4.37"]
[White "Fridgeirsson, Dagur Andri"]
[Black "Halldorsson, Jon Arni"]
[Result "1/2-1/2"]
[WhiteElo "1798"]
[BlackElo "2174"]
[PlyCount "84"]
[EventDate "2008.03.03"]

1. d4 f5 2. c4 Nf6 3. Nc3 g6 4. Nf3 Bg7 5. g3 d6 6. Bg2 O-O 7. O-O Qe8 8. Re1
Qf7 9. Qd3 Na6 10. a3 h6 11. b4 c6 12. Bb2 Be6 13. Nd2 Nc7 14. f4 Rae8 15. e4
fxe4 16. Ncxe4 d5 17. Nxf6+ exf6 18. c5 Bf5 19. Qf1 Qd7 20. Rxe8 Rxe8 21. Re1
Kf7 22. Rxe8 Qxe8 23. Kf2 g5 24. Qe2 g4 25. Qxe8+ Kxe8 26. Ke3 Kd7 27. Bf1 Bf8
28. Bd3 Ke6 29. Nb3 b6 30. a4 h5 31. Bc3 Bxd3 32. Kxd3 Kf5 33. Ke3 h4 34. Kd3
h3 35. Ke3 Be7 36. Kd3 Bd8 37. Ke3 Ne6 38. Be1 Bc7 39. cxb6 Bxb6 40. Nc5 Nd8
41. Bf2 Nf7 42. Na6 Ke6 1/2-1/2